000 00771nam a2200253 i 4500
001 bg
100 1 _aFEDOROWICZ, Zdzisław
_d(1922-2007).
245 1 0 _aRynek pieniądza i rynek kapitału /
_cZdzisław Fedorowicz.
260 _aWarszawa :
_b"Poltext",
_c1998.
300 _a194 s. :
_b2 wykr. ;
_c21 cm.
490 1 _aStudia Finansowo-Bankowe / Szkoła Główna Handlowa
504 _aBibliogr. s. 193-194.
650 9 _aRynek kapitałowy
650 9 _aRynek pieniężny
655 _aPodręczniki akademickie
830 0 _aStudia Finansowo-Bankowe (Szkoła Główna Handlowa)
020 _a8386890304
040 _cBPK
041 0 _apl
080 _a336.76(075.8)
920 _a83-86890-30-4
942 _cKS
008 s pl f |000 0 pol
999 _c36387
_d36387
856 _uhttp://koha.tu.koszalin.pl/cgi-bin/koha/opac-detail.pl?biblionumber=36387
_yKatalog online BPK